SMAP シングル曲 - Statistics

General Stats
  • This quiz has been taken 41 times
  • The average score is 22 of 63
Answer Stats
# リリース日 タイトル % Correct
35 2003/3/5 世界に一つだけの花
90%
27 1998/1/14 夜空ノムコウ
80%
23 1996/11/18 SHAKE
80%
32 2000/8/30 らいおんハート
70%
22 1996/7/15 青いイナズマ
60%
50 2013/6/5 Joy!!
60%
14 1994/9/9 がんばりましょう
55%
24 1997/2/26 ダイナマイト
55%
39 2006/4/19 Dear WOMAN
55%
13 1994/6/6 オリジナルスマイル
50%
40 2006/10/11 ありがとう
50%
54 2015/2/18 華麗なる逆襲
45%
55 2015/9/9 愛が止まるまでは
45%
10 1993/11/11 $10
45%
37 2005/7/27 BANG!BANG!バカンス!
45%
3 1992/3/18 心の鏡
40%
9 1993/9/9 君は君だよ
40%
47 2012/4/25 さかさまの空
40%
34 2002/5/15 freebird
40%
31 2000/2/9 Let It Be
40%
55 2015/9/9 Otherside
40%
2 1991/12/6 正義の味方はあてにならない
35%
5 1992/11/11 笑顔のゲンキ
35%
25 1997/5/14 セロリ
35%
51 2013/12/18 シャレオツ
35%
1 1991/9/9 Can't Stop!! -LOVING-
35%
48 2012/8/1 Moment
35%
6 1992/12/12 雪が降ってきた
30%
11 1994/1/1 君色思い
30%
41 2007/12/19 弾丸ファイター
30%
43 2008/8/13 この瞬間、きっと夢じゃない
30%
54 2015/2/18 ユーモアしちゃうよ
30%
49 2013/2/27 Battery
30%
12 1994/3/12 HeyHeyおおきに毎度あり
30%
16 1995/3/3 KANSHAして
30%
49 2013/2/27 Mistake!
30%
45 2010/8/4 This is love
30%
53 2014/7/16 Top Of The World
30%
8 1993/6/6 はじめての夏
25%
17 1995/6/6 しようよ
25%
19 1995/11/11 俺たちに明日はある
25%
29 1999/1/27 朝日を見に行こうよ
25%
42 2008/3/5 そのまま
25%
53 2014/7/16 Amazing Discovery
25%
30 1999/6/23 Fly
25%
26 1997/9/26 Peace!
25%
33 2001/7/28 Smac
25%
7 1993/3/3 ずっと忘れない
20%
15 1994/12/21 たぶんオーライ
20%
18 1995/9/9 どんないいこと
20%
20 1996/2/2 胸さわぎを頼むよ
20%
28 1998/5/8 たいせつ
20%
44 2009/8/26 そっと きゅっと
20%
46 2011/12/21 僕の半分
20%
51 2013/12/18 ハロー
20%
52 2014/4/9 ココカラ
20%
4 1992/7/8 負けるなBaby! ~Never give up
20%
38 2005/11/23 Triangle
20%
42 2008/3/5 White Message
20%
52 2014/4/9 Yes we are
20%
44 2009/8/26 スーパースター★
15%
21 1996/5/5 はだかの王様 ~シブトクつよく~
10%
36 2005/1/19 友だちへ~Say What You Will~
10%
No matching quizzes found
Score Distribution
Percent of People with Each Score
Percentile by Number Answered
Your Score History
You have not taken this quiz